000 00330nam a2200121Ia 4500
008 190722s9999 xx 000 0 und d
020 _a978-81-8487-402-0
100 _aShubham Agarwal
245 0 _aComputer Based Optimization Tecniques
260 _aNew Delhi
_bNarosa Publishing House Pvt. Ltd.
_c2015
300 _a296
942 _cBK
999 _c209
_d209